Teaching of psychology / (Record no. 67526)

MARC details
000 -LEADER
fixed length control field 00562nam a22001577a 4500
005 - DATE AND TIME OF LATEST TRANSACTION
control field 20120605163046.0
020 ## - INTERNATIONAL STANDARD BOOK NUMBER
International Standard Book Number 8176489336
Terms of availability 695.00
035 ## - SYSTEM CONTROL NUMBER
System control number B-158949
037 ## - SOURCE OF ACQUISITION
Stock number DPL
Source of stock number/acquisition ENG
100 ## - MAIN ENTRY--PERSONAL NAME
Personal name Singh, Yogesh Kumar
245 ## - TITLE STATEMENT
Title Teaching of psychology /
Statement of responsibility, etc by Yogesh Kumar Singh
260 ## - PUBLICATION, DISTRIBUTION, ETC. (IMPRINT)
Place of publication, distribution, etc New Delhi
Name of publisher, distributor, etc APH Publishing Corporation
Date of publication, distribution, etc 2005
300 ## - PHYSICAL DESCRIPTION
Extent v, 276p.
Dimensions 20 cms.
942 ## - ADDED ENTRY ELEMENTS (KOHA)
Source of classification or shelving scheme Dewey Decimal Classification
Item type English Books
Classification part 372.3044
Call number suffix YOG
Holdings
Withdrawn status Lost status Not for loan Collection code Home library Current library Date acquired Cost, normal purchase price Full call number Barcode Cost, replacement price Koha item type
      Non-fiction Sarojini Nagar Sarojini Nagar 05/06/2012 695.00 372.3044 YOG B-158949 695.00 English Books

© Delhi Public Library
Hit Counter
free hit counter